000
00313nam a2200133Ia 4500
008
231017s9999 xx 000 0 und d
082
_a
624.1834
082
_b
GOO
245
0
_a
Hybrid concrete construction
245
0
_c
Reinforced concrete
260
_b
Reinforced concrete
300
_c
30cm
942
_c
REP
999
_c
605604
_d
605604